Nombre de soldat des pays de l'Axe - Statistiques

Statistiques générales
  • Ce quiz a été pris 41 fois
  • Le résultat moyen est 6 sur 10
Statistiques - réponses
Soldats Pays % Correct
18 200 000 Allemagne
100%
3 430 000 Italie
97%
8 400 000 Japon
87%
1 000 000 Hongrie
65%
1 250 000 Roumanie
55%
455 000 Bulgarie
45%
700 000 Finlande
42%
50 000 Slovaquie
35%
60 000 Thailande
35%
200 000 Croatie
29%
Aucun quiz correspondant
Distribution des résultats
% des personnes avec chaque résultat
Percentile par nombre de réponses
Votre historique - résultats
Vous n’avez pas pris ce quiz